1923 1455 1532 1957 1303 1795 1913 1221 1623 1278 1906 1247 1995 1292 1612 1099 1595 1336 1342 1833 1812 1809 1522 1226 1413 1047 1308 1206 1789 1284 1659 1935 1938 1382 1563 1926 1843 1098 1765 1510 1830 1496 1852 1441 1201 1040 1108 1115 1246 1326 1712 1184 1986 1919 1607 1928 1986 1575 1125 1476 1741 1187 1492 1896 1799 1547 1473 1065 1013 1209 1413 1056 1560 1234 1647 1011 1227 1237 1501 1457 1354 1811 1736 1286 1861 1369 1632 1671 1057 1877 1616 1092 1086 1563 1462 1887 1025 1643 1574 BCNSPRNW ULIB Ver.6.0+V

เปลี่ยนเป็นภาษาไทย

Change to English
 แสดงรายละเอียดบรรณานุกรม
  กลับหน้าหลัก

Brief Record : Get Marc (ISO 2709) : E-mail record : QR code < ปิดหน้าต่าง
LEADER : 00000nam 2200000uu 4500
001    13399125123
003     ULIB
008    160930s2555||||th 000 0 tha d
020    ^a9786167531281
090    ^aนว.^bก305ส
100    ^aกันยากร
245    ^aเสน่หาในรอยทราย /^cกันยากร
260    ^aกรุงเทพฯ :^bสำนักพิมพ์ ทัช ,^c2555
300    ^a344 หน้า
945    ^p240^l0^i001358
999    ^aณรีรัตน์ วารุกา
รายการนี้ยังไม่มีแท็ก
คุณยังไม่ได้ล็อกอิน คุณสามารถมีกิจกรรมร่วมกับเว็บไซต์ได้ แต่ต้องล็อกอินก่อน ::
  ล็อกอิน

รายการสื่อสารสนเทศ

ลำดับที่ ประเภท เลขเรียก/บาร์โค้ด สถานที่ สถานะ
1. นวนิยาย
นวนิยาย
นว. ก305ส ฉ.1 
  Barcode: 001358
ห้องสมุดวิทยาเขตนครสวรรค์
►นวนิยาย:l:Fiction
บนชั้น

BibComment


ยังไม่เคยถูกคอมเมนท์

คอมเมนท์ทรัพยากรรายการนี้
  คอมเมนท์: เสน่หาในรอยทราย ..


 Copyright 2026. Bcnsprnw @Library